[Event "EU-chT (Men) 16th"]
[Site "Heraklion"]
[Date "2007.10.31"]
[Round "4.1"]
[White "Morozevich, Alexander"]
[Black "Beliavsky, Alexander G"]
[Result "1-0"]
[WhiteElo "2755"]
[BlackElo "2646"]
[Annotator "Krasenkow,M"]
[PlyCount "69"]
[EventDate "2007.10.28"]
[EventType "team-swiss"]
[EventRounds "9"]
[EventCountry "GRE"]
[SourceTitle "CBM 121"]
[Source "ChessBase"]
[SourceDate "2007.11.14"]
[SourceVersion "1"]
[SourceVersionDate "2007.11.14"]
[SourceQuality "1"]
[WhiteTeam "Russia"]
[BlackTeam "Slovenia"]
[WhiteTeamCountry "RUS"]
[BlackTeamCountry "SLO"]

1. d4 Nf6 2. c4 e6 3. Nc3 Bb4 4. Qc2 O-O 5. a3 Bxc3+ 6. Qxc3 b6 7. Bg5 Bb7 8.
e3 d6 9. Ne2 Nbd7 10. Qc2 c5 11. Rd1 {This line was examined in CBM 105 (I.
Sokolov-Ponomariov) and CBM 118 (Eljanov-Naiditsch). White has a bishop pair
but he has yet to develop his kingside.} Qc7 (11... Qe7 {and}) (11... cxd4 {
are also seen in practice.}) 12. Nc3 cxd4 (12... a6 {is quite decent:} 13. d5 (
13. Be2 $6 h6 $1 14. Bh4 $6 (14. Bxf6 $11) 14... Bxg2 15. Rg1 Bb7 16. d5 Rfe8
17. Ne4 Nxe4 18. Qxe4 exd5 19. Qg4 g6 20. cxd5 Kg7 21. Bd3 Ne5 $17 {0-1
Lafuente,P-Garcia Martinez,S/Havana 2004/CBM 100 ext (24)}) 13... exd5 14. cxd5
b5 15. Bd3 b4 16. axb4 cxb4 17. Ne2 $6 (17. Ne4 $142 $13 {V.Golod}) 17... Qxc2
18. Bxc2 Bxd5 19. O-O $6 (19. Bf5 $15 {V.Golod}) (19. f3 $5 $132 {>< d6, R.
Ponomariov}) 19... Rfc8 20. Nd4 a5 21. Bf5 Rc5 22. Bxd7 $1 Nxd7 23. Be7 Ra6 24.
Rfe1 $1 Be4 $1 25. f3 Bg6 $15 {0-1 Sokolov,I-Ponomariov,R/Wijk aan Zee 2005/
CBM 105/[Golod,V] (61)}) 13. Rxd4 a6 (13... d5 14. cxd5 Nxd5 (14... Bxd5 $1 15.
e4 Bb7 16. Be2 $14) 15. Bd3 h6 $4 16. Nxd5 Qxc2 17. Ne7+ Kh8 18. Bxc2 Ne5 19.
Rh4 Nd7 20. O-O f6 21. Bxh6 {1-0 Iljin,A-Bogner,S/Hengelo 2007/CBM 119 ext})
14. Be2 $1 {[%mdl 512] The same sacrifice as in Lafuente-Garcia but in a much
better version!} (14. Qd1 d5 15. cxd5 Nxd5 16. Nxd5 Bxd5 17. e4 Bc6 18. Be7
Rfc8 19. Bd6 Qb7 20. f3 e5 21. Rd2 b5 22. Qe2 a5 23. Qe3 b4 24. Be2 Bb5 $11 {
1/2-1/2 Sokolov,I-Stefansson,H/Mallorca 2004/CBM 104 (32)}) 14... h6 15. Bh4
Bxg2 $6 {This is now very risky as White's d4 rook joins his attack. In the
following game Black didn't equalize either:} (15... d5 16. cxd5 Nxd5 17. Rc4
Qb8 18. Bg3 Qd8 19. O-O b5 20. Rd4 Rc8 21. Qd1 Qb6 22. Ne4 Ba8 23. Nd6 Rcd8 24.
e4 N5f6 25. e5 (25. b4 $1 $14) 25... Nd5 26. Qd2 f5 $5 {1/2-1/2 Vijayalakshmi,
S-Rozentalis,E/Triesen 2007/CBM 118 ext (51)}) 16. Rg1 Bh3 $6 {This obvious
move is a mistake (perhaps even decisive!).} (16... Bb7 $142 17. Qd2 d5 18. Bg3
Qc5 19. cxd5 exd5 20. Rh4 $44) 17. Ne4 $1 {[%mdl 128] That's the point! White
exchanges his passive knight for one of the defenders of the black king!} Nxe4
18. Qxe4 Bf5 (18... Ne5 19. Bf6 Ng6 20. Qf3 $1 e5 ({or else:} 20... gxf6 21.
Rh4) (20... Bf5 21. e4) 21. Rh4 Bd7 22. Qh5 {and Black can hardly survive}) 19.
Qg2 Bg6 (19... g5 $2 20. Bxg5 hxg5 21. Qxg5+ Bg6 22. Qh6 $18 {[%cal Rd4h4]})
20. Be7 d5 {Black gives up an exchange hoping to get some compensation.} (20...
Rfe8 21. Bxd6 Qd8 22. Bd3 $1 {and White wins at least a pawn.}) 21. Bxf8 Nxf8
22. h4 $1 {White's attack, however, continues!} Qe5 23. Qg3 (23. h5 Be4 24. f3
Bc2 25. cxd5 exd5 26. f4 Qf6 27. Qxd5 {was quite strong but the exchange of
queens is good enough.}) 23... Qf6 (23... Qxg3 24. Rxg3 dxc4 25. Rxc4 $18) 24.
h5 Bf5 25. Qc7 $5 {Paralysing the black rook.} (25. cxd5 $5 {was possible, too,
} exd5 $140 26. Qf3 $1) 25... b5 (25... dxc4 $142 26. Bxc4 b5) 26. Qc6 Rd8 27.
cxd5 $18 {The rest is clear.} Kh7 28. Qxa6 Qe5 29. d6 Qh2 30. Rf1 e5 31. Rb4
Rc8 32. Qxb5 Rc1+ 33. Kd2 Rc2+ 34. Kd1 Nd7 35. Bd3 1-0

[Event "EU-Cup 22nd"]
[Site "Fuegen"]
[Date "2006.10.09"]
[Round "2.3"]
[White "Bareev, Evgeny"]
[Black "Goloshchapov, Alexander"]
[Result "1-0"]
[WhiteElo "2683"]
[BlackElo "2552"]
[Annotator "Krasenkow,M"]
[PlyCount "63"]
[EventDate "2006.10.08"]
[EventType "team-swiss"]
[EventRounds "7"]
[EventCountry "AUT"]
[SourceTitle "CBM 115"]
[Source "ChessBase"]
[SourceDate "2006.11.15"]
[SourceVersion "1"]
[SourceVersionDate "2006.11.15"]
[SourceQuality "1"]
[WhiteTeam "Cheboksary"]
[BlackTeam "Eynatten"]
[WhiteTeamCountry "RUS"]
[BlackTeamCountry "BEL"]

1. d4 Nf6 2. c4 e6 3. Nc3 Bb4 4. Qc2 O-O 5. a3 Bxc3+ 6. Qxc3 b5 7. cxb5 c6 8.
e3 {A quiet continuation but Black has opportunities to complicate the game
anyway.} cxb5 9. Bxb5 Ne4 10. Qb3 Ba6 $5 11. Qa4 (11. Bxa6 Qa5+ 12. Kf1 Qxa6+
13. Ne2 Rc8 $44 {[%csl Rf1]}) 11... Qg5 12. Bf1 $8 Bxf1 13. Kxf1 Nc6 14. f3 f5
$6 {[%mdl 512] An interesting idea with a piece sac but it fails in this game.}
(14... Nd6 15. Ne2 Rab8 16. e4 Qe7 17. h4 f5 18. Bg5 Qf7 19. e5 Nc8 20. Qc2 {
1/2-1/2 Vladimirov,E-Dizdar,G/Abu Dhabi 2001/EXT 2002}) 15. Nh3 Qh4 16. Qd1 Na5
$2 {Consequently but admitting his mistake by} (16... Nf6 {was apparently
better. Then, however, White consolidates his position by means of} 17. Nf4 $14
) 17. fxe4 fxe4+ 18. Kg1 Nb3 19. Rb1 Rf3 20. Bd2 (20. gxf3 Qxh3 21. Qf1 $1 (21.
fxe4 $6 Rf8) (21. f4 Rc8 22. Bd2 Rc2 $1 23. Qxc2 Qg4+ $11) 21... Qh5 22. f4 Rc8
23. h3 $1 {[%cal Yh1h2] was quite good, too}) 20... Nxd2 21. Qxd2 Rxh3 $1 {
Black finds a fantastic idea, which, however, doesn't work if White plays
correctly.} (21... Raf8 22. gxf3 Qxh3 23. Qg2 $18) 22. gxh3 Rf8 $1 (22... Qg5+
23. Kf2 Rf8+ 24. Ke1 Qh4+ (24... Rf3 25. Kd1 Rxe3 26. Kc2 $18) 25. Kd1 Rf2 26.
Qc3 Qh5+ 27. Kc1 $18) 23. Re1 (23. Qe1 $142 $1 Qh6 (23... Qxh3 24. Qg3 Qh5 (
24... Qf5 25. Kg2 {[%cal Yh1f1]}) 25. Rf1 $18) (23... Qh5 24. Rc1 Rf3 25. Rc8+
Kf7 26. Rc2 Qxh3 27. Rf2 $18) 24. Rc1 $1 Rf3 25. Rc8+ $1 Kf7 26. Rc2 {[%cal
Rc2f2]} Rxe3 27. Rf2+ Ke8 28. Qb4 Rf3 29. Rxf3 exf3 30. Kf2 Qh4+ 31. Ke3 $1
Qg5+ 32. Kd3 Qg6+ 33. Kc3 Qg2 34. Rc1 f2 35. Qc4 $18) 23... Rf6 24. Re2 Qxh3
25. Rg2 $6 {This seriously complicates White's task.} (25. Rf2 $142 $1 Rg6+ (
25... Rxf2 26. Qxf2 Qg4+ 27. Qg2 Qd1+ 28. Qf1 Qg4+ 29. Kf2 Qf3+ 30. Ke1 Qxe3+
31. Kd1 $18) 26. Rg2 Rxg2+ (26... Rf6 27. Qe1 {[%cal Yg2g3]}) 27. Qxg2 Qxe3+
28. Qf2 Qg5+ 29. Kf1 Qc1+ 30. Qe1 Qf4+ 31. Ke2 Qf3+ 32. Kd2 $18) 25... h5 $1 {
[%cal Yh5h4] Suddenly it's not easy for White to get out of the corner!} 26.
Qe2 (26. b4 Rf3 27. b5 $2 (27. Qd1 $1 h4 28. Qd2 $1) {is premature due to}
27... Rxe3 28. Rg3 $6 Rxg3+ 29. hxg3 Qxg3+ 30. Qg2 Qe1+ 31. Kh2 Qh4+ $11 {
It is now clear that White should first provoke ...h5-h4.}) (26. Qc3 $5 {
[%cal Yd4d5] was another, more complicated way. Here are some variations:} Kh7
(26... h4 27. d5 $1 e5 28. b4 Rf4 $5 {[%cal Rf4g4]} 29. Qc8+ (29. b5 $2 Rg4 30.
Qd2 Rxg2+ 31. Qxg2 Qxe3+ 32. Qf2 Qc1+ 33. Kg2 h3+) 29... Rf8 30. Qc5 a6 31. a4)
(26... d5 27. b4 Rf3 28. Qc7 Rf7 29. Qg3) 27. b4 (27. Qe1 h4 28. Rg3 Qf5) 27...
h4 (27... Rf4 28. Qe1 $1) (27... Rf3 28. d5 g6 29. Qe5 $18) 28. d5 $1 e5 (28...
exd5 29. b5 {[%cal Ya3a4,Ya4a5]}) 29. a4 Rf4 {[%cal Rf4g4]} (29... d6 30. Qc1)
30. Qd2 $1 {returning to the main plan} (30. b5 $2 Rg4 31. Qd2 Rxg2+ 32. Qxg2
Qxe3+ 33. Qf2 Qc1+ 34. Kg2 h3+ $1) 30... Rg4 (30... Rf3 31. b5 Rxe3 $140 32.
Rg3 $1 $18 {see below}) 31. Rxg4 Qxg4+ 32. Qg2 Qd1+ 33. Qf1 Qg4+ 34. Kf2 Qf3+
35. Ke1 Qxe3+ 36. Qe2 Qc1+ 37. Qd1 Qe3+ 38. Kf1 h3 (38... Qf4+ 39. Ke2 Qf3+ 40.
Kd2 Qd3+ 41. Kc1 Qc3+ 42. Kb1 Qxb4+ 43. Ka2 Qc4+ 44. Qb3 $18) 39. Qe2 Qc1+ 40.
Qe1 Qf4+ 41. Ke2 Qf3+ 42. Kd2 Qd3+ 43. Kc1 Qa3+ 44. Kc2 Qa2+ 45. Kc3 Qa3+ 46.
Kc4 Qd3+ 47. Kc5 $18) 26... h4 {(done!)} 27. Rg5 {A senseless move. It was
time to play} (27. b4 $1 Rf3 $140 28. Qd2 $1 Rxe3 29. Rg3 $1 Rxg3+ 30. hxg3
Qxg3+ 31. Qg2 Qe1+ 32. Kh2 $18 {as Black has no check on h4!}) 27... g6 $2 (
27... Rf1+ {doesn't work yet:} 28. Qxf1 Qxe3+ 29. Qf2 Qxg5+ 30. Kf1 Qc1+ 31.
Qe1 Qf4+ 32. Ke2 Qf3+ 33. Kd2 $18) (27... Kh7 28. Rg3 $1 Qf5 29. Rg4 $18) ({
Quiet waiting, e.g.} 27... Rf7 {, was the best. The problem is that White
can't move his b-pawn yet (see game). Therefore he must come back:} 28. Rg2 {
and then push his queenside pawns. If} Rf3 {then, of course,} 29. Qd2 Rxe3 $140
30. Rg3) 28. b4 $4 {[%mdl 64]} (28. Rg2 {[%cal Yg2f2] was now easily winning:}
Rf3 29. Rxg6+ Kh7 30. Qg2 $18) 28... Kg7 $2 (28... Rf1+ $1 {now lead to a draw:
} 29. Qxf1 Qxe3+ 30. Qf2 Qxg5+ 31. Kf1 Qc1+ 32. Qe1 (32. Kg2 h3+) 32... Qf4+
33. Ke2 Qf3+ 34. Kd2 Qd3+ 35. Kc1 Qxa3+ {(this is the difference!)} 36. Kc2
Qa2+ 37. Kd1 Qb3+ 38. Kc1 Qa3+ 39. Kc2 Qa2+ 40. Kc3 Qa3+ $11 41. Kc4 $4 Qd3+
42. Kc5 Qa6 {and White is mated!}) 29. b5 $2 (29. Rg2 Rf3 30. Qd2 $1 {was
still winning.}) 29... Kh6 $4 (29... Rf1+ $1 $11) 30. Rg3 {Uffff... At last
White definitely wins!} Qf5 31. Rg4 h3 32. Rf4 1-0

[Event "World Cup"]
[Site "Khanty-Mansiysk"]
[Date "2007.11.25"]
[Round "1.2"]
[White "Iljin, Artem"]
[Black "Nikolic, Predrag"]
[Result "0-1"]
[WhiteElo "2565"]
[BlackElo "2657"]
[Annotator "Krasenkow,M"]
[PlyCount "46"]
[EventDate "2007.11.24"]
[EventType "k.o."]
[EventRounds "7"]
[EventCountry "RUS"]
[SourceTitle "CBM 122"]
[Source "ChessBase"]
[SourceDate "2008.01.30"]
[SourceVersion "1"]
[SourceVersionDate "2008.01.30"]
[SourceQuality "1"]

1. d4 Nf6 2. c4 e6 3. Nc3 Bb4 4. Qc2 O-O 5. a3 Bxc3+ 6. Qxc3 b6 7. Bg5 c5 {
This is more aggressive than the "normal"} (7... Bb7) 8. dxc5 bxc5 9. Nf3 Nc6
10. Nd2 $5 Rb8 (10... Z0 {White was threatening} 11. Bxf6 Qxf6 12. Qxf6 gxf6
13. Ne4) (10... d5 $6 11. cxd5 Nxd5 12. Bxd8 Nxc3 13. Bc7 Na4 14. b3 Nb6 15.
Bd6 Rd8 16. Bxc5 {and White didn't get a sufficient compensation for the pawn:}
Ba6 17. e3 Bxf1 18. Rxf1 Rd5 19. Bxb6 axb6 20. Ke2 Kf8 21. Rfc1 Ne5 22. Rc3 {
1-0 Jovanic,O-Rukavina,D/Velika Gorica 2006/CBM 113 ext (54)}) 11. e3 d5 $1 (
11... d6 {is more solid and quiet but hardly fits Black's aggressive approach 
(7...c5, 10...Rb8):} 12. Be2 (12. Rd1 $6 e5 13. Be2 Qe7 14. Bf3 Nd4 15. Bxf6
Nxf3+ 16. Nxf3 Qxf6 {[%cal Rc8g4]} 17. Nd2 Qg6 $36 {0-1 Meenakshi,S-Tirto/
Kuala Lumpur 2005/CBM 108 ext (54)}) 12... h6 13. Bxf6 Qxf6 14. Qxf6 gxf6 15.
O-O-O f5 16. h3 e5 17. g4 Kh8 18. Nf1 Rd8 19. Ng3 Ne7 20. Bd3 Bb7 21. Rhg1 Bf3
22. Be2 Bxe2 23. Nxe2 Rb6 24. Nc3 $14 {1-0 Vidarte Morales,A-Ramirez Gonzalez,
J/Spain 1994/EXT 2003 (37)}) (11... h6 12. Bf4 (12. Bxf6 $142 Qxf6 13. Qxf6
gxf6 14. O-O-O) 12... d6 13. Be2 e5 14. Bg3 Qe7 15. O-O Bg4 {1/2-1/2 Arlandi,
E-Contin,D/Filettino 1994/EXT 2000}) 12. O-O-O $4 $146 {[%mdl 16384] Castling
"into attack" is not a wise idea!} (12. Bd3 {is equally passive:} d4 $1 13.
exd4 Qxd4 (13... cxd4 $5 14. Qc2 h6 15. Bxf6 Qxf6 16. O-O Ne5 $36) 14. Qxd4
Nxd4 15. Rb1 Nd7 16. O-O a5 (16... Ne5 $142 $1 $36) 17. Be7 Re8 18. Bd6 Rb6 19.
Bc7 Ra6 20. Ne4 a4 (20... e5 $1) 21. Nd6 Rf8 22. Nb5 $14 {1-0 Dao Thien
Hai-Libeau,R/Muenster 1993/CBM 038 ext/[Bulletin] (63)}) (12. Bxf6 $142 Qxf6 (
12... gxf6 $6 13. cxd5 exd5 14. Qxc5) 13. Qxf6 gxf6 14. cxd5 exd5 15. b3 {
Of course, Black has an active position and his destroyed pawn structure is
impossible to use but it was definitely better for White than the text move. If
} Na5 {then} 16. b4 $1 $11) ({By the way,} 12. cxd5 Nxd5 13. Bxd8 Nxc3 {
doesn't work now as the b2 pawn is hanging.}) 12... d4 13. Qc2 (13. exd4 {
was hardly a lesser evil:} Nxd4 14. Nf3 e5 $1 15. Nxe5 Rb3 {etc.}) 13... h6 14.
Bh4 e5 $1 15. Bd3 Qd6 16. Rhg1 $6 {An attempt to create an attack by g2-g4?!
Easy to criticize but what to do instead? I don't see any way to stop Black's
attack along the b-file in the long run.} Bg4 $5 17. Rde1 (17. f3 Bd7) 17...
Rb7 18. Be4 Rfb8 19. Bxc6 Qxc6 20. b3 Bh5 21. exd4 cxd4 22. Rxe5 Bg6 23. Rf5 (
23. Qb2 Rxb3 $1 24. Nxb3 Qxc4+ $19) 23... Qe6 0-1

[Event "Bundesliga 0607"]
[Site "Germany"]
[Date "2007.02.03"]
[Round "8.1"]
[White "Eljanov, Pavel"]
[Black "Naiditsch, Arkadij"]
[Result "1-0"]
[WhiteElo "2675"]
[BlackElo "2663"]
[Annotator "Krasenkow,M"]
[PlyCount "85"]
[EventDate "2006.10.28"]
[EventType "team-tourn"]
[EventRounds "15"]
[EventCountry "GER"]
[SourceTitle "CBM 118"]
[Source "ChessBase"]
[SourceDate "2007.05.31"]
[SourceVersion "1"]
[SourceVersionDate "2007.05.31"]
[SourceQuality "1"]
[WhiteTeam "Wattenscheid"]
[BlackTeam "Bindlach"]
[WhiteTeamCountry "GER"]
[BlackTeamCountry "GER"]

1. d4 Nf6 2. c4 e6 3. Nc3 Bb4 4. Qc2 O-O 5. a3 Bxc3+ 6. Qxc3 b6 7. Bg5 Bb7 8.
e3 d6 9. Ne2 Nbd7 10. Qc2 c5 11. Rd1 {About this line - see CBM 105,
annotations to I.Sokolov-Ponomariov by GM V.Golod. Generally, if White
successfully completes his development, his position will be slightly better
due to his bishop pair.} Qe7 {Other options:} (11... Qc7) (11... Rc8) (11...
cxd4) 12. Nc3 h6 13. Bh4 cxd4 (13... Rac8 $6 14. d5 $1 {leads to a structure,
which is favourable for White. Black lacks a "Benoni" bishop, and the other
one is quite passive on b7:} exd5 (14... e5 15. Bd3 Rfe8 16. f3 a6 17. a4 Nf8
18. g4 g5 19. Bg3 Kg7 20. h4 Ng6 21. hxg5 hxg5 22. Bf5 $16 {1-0 Turova,I-Porat,
I/Budapest 2005/CBM 109 ext (38)}) 15. cxd5 a6 16. a4 Ne5 17. Be2 Ng6 18. Bg3
Rfe8 19. O-O Rb8 20. Rfe1 Bc8 21. e4 Qc7 22. b3 Nf8 23. f4 Bg4 24. Bxg4 Nxg4
25. e5 $1 $16 {1-0 Bu Xiangzhi-Ghaem Maghami,E/Doha QAT 2006/The Week in Chess
633 (44)}) 14. Rxd4 Rfd8 $6 {A "soft" move, which contributes nothing to
exploiting Black's development advantage.} (14... Rac8 $5 15. f3 d5 $5 16. cxd5
exd5 17. Bf2 Ne5 18. Be2 Nc4 $132) 15. f3 Nf8 16. Be2 Ng6 17. Bf2 d5 {Too late.
White has already consolidated his position.} 18. cxd5 Nxd5 19. Nxd5 Bxd5 20.
O-O e5 21. Rdd1 Qe6 (21... e4 22. f4 $1) (21... Rac8 22. Qa4) 22. Ba6 Bb3 $6 {
The bishop can achieve nothing there. It will just be left hanging.} (22... e4
23. f4 Ne7 {was appropriate, with chances to create a blockade and equalize.})
23. Rxd8+ Rxd8 24. Qc3 Ba4 (24... Bd1 $5 {, cutting off the white rook, was
the only way to justify 22...Bb3.}) 25. Rc1 e4 26. f4 b5 $4 {[%mdl 16384]
Terrible, decisive weakening.} (26... Ne7 {was still necessary:} 27. Qc7 (27.
Bh4 Rd6) 27... Rd7 28. Qc4 Bb3 29. Qxe6 Bxe6 30. Be1 $14) 27. Qa5 $1 Rd5 (27...
Qd7 28. Bb7 $1) (27... Qb6 {is quite gloomy, too, after} 28. Qxb6 axb6 29. Bb7
({or even} 29. Rc8 $5)) 28. Bb7 Rd3 29. Qxa7 {With an extra pawn, bishop pair
and Black's Ba4 out of play White easily wins:} Kh7 30. h3 f5 31. Bc8 Qf6 32.
Rc7 Rd1+ 33. Kh2 Rf1 34. Bxf5 $1 Rxf2 35. Bxe4 Rd2 36. Rf7 Qxb2 37. Qb6 Rxg2+
38. Bxg2 Nh4 39. Qc6 Bc2 40. Rf8 Bd3 41. Qa8 Ng6 42. Re8 Bf1 43. f5 1-0

[Event "Baku FIDE GP"]
[Site "Baku"]
[Date "2008.05.05"]
[Round "13"]
[White "Wang, Yue"]
[Black "Mamedyarov, Shakhriyar"]
[Result "1/2-1/2"]
[WhiteElo "2689"]
[BlackElo "2752"]
[Annotator "Krasenkow,M"]
[PlyCount "95"]
[EventDate "2008.04.21"]
[EventType "tourn"]
[EventRounds "13"]
[EventCountry "AZE"]
[EventCategory "19"]
[SourceTitle "CBM 124"]
[Source "ChessBase"]
[SourceDate "2008.05.28"]
[SourceVersion "1"]
[SourceVersionDate "2008.05.28"]
[SourceQuality "1"]

1. d4 Nf6 2. c4 e6 3. Nc3 Bb4 4. Qc2 O-O 5. a3 Bxc3+ 6. Qxc3 b5 {A popular
pawn sacrifice but White returns it immediately.} 7. cxb5 c6 8. Bg5 cxb5 9. e3
a6 10. Nf3 Bb7 11. Bd3 h6 12. Bh4 d6 13. O-O Nbd7 {This line was examined by
GM V.Golod in his annotations to Xu Jun - Wang Rui (CBM 97).} 14. Rfc1 (14.
Rfd1 Qb6 15. Qe1 Be4 16. Bf1 Rfc8 17. Nd2 Bg6 18. Rdc1 e5 19. Nb3 Bc2 20. dxe5
dxe5 21. Na5 Bg6 22. b4 e4 23. Rxc8+ Rxc8 24. Rc1 Rxc1 25. Qxc1 Ne5 26. Nb3 Kh7
27. Qc5 Nfd7 28. Qxb6 Nxb6 29. Nc5 Nbc4 30. Nxa6 {1/2-1/2 Kruppa,Y-Stanec,N/
Panormo 2001/CBM 084 ext}) (14. Bg3 Rc8 15. Qb4 Nd5 16. Qd2 N7b6 17. e4 Nf6 18.
Bh4 e5 19. Rfe1 Nc4 {1/2-1/2 Lang,M-Berezovsky,I/Wuerttemberg 1999/EXT 2000}) (
14. a4 bxa4 (14... Rc8 15. Qa3 b4 16. Qxb4 Bxf3 17. Bxf6 Qxf6 18. gxf3 Rc6 19.
f4 Rb8 20. Qd2 e5 21. Be4 $16 Rcb6 $2 22. dxe5 Qe7 23. a5 Rb4 24. Bc6 Nxe5 25.
fxe5 Qxe5 26. Rad1 Rg4+ 27. Kh1 Rxb2 28. Qxd6 Qh5 29. Bf3 {1-0 Gabriel,
C-Gschnitzer,O/Germany 2001/CBM 082 ext}) 15. Rxa4 Qb6 (15... Nb6 16. Ra3 Nbd5
17. Qd2 g5 18. Bg3 Nh5 19. Ne1 f5 20. Qe2 Ng7 21. f3 f4 22. exf4 gxf4 23. Bf2
a5 $13 {0-1 Brunner,N-Taunay,J/Hyeres 2002/EXT 2003 (44)}) (15... e5 16. dxe5
dxe5 17. Rd1 Qe7 18. Nd2 Rfc8 19. Qb4 Nc5 20. Nb3 g5 21. Nxc5 Rxc5 22. Ra5 Ne4
23. Rxc5 Nxc5 24. Rc1 Rc8 25. Bg3 Rc7 {1/2-1/2 Schmidt,T-Rost,D/ICCF Email
1999/CBM 114 (29)}) 16. Rfa1 Rfc8 17. Qa3 a5 18. Bxf6 Nxf6 19. Nd2 Bd5 20. b4
Qc6 21. b5 Qc3 22. Qxc3 Rxc3 23. Bf1 Rac8 24. Rxa5 Rc2 25. Rd1 Rc1 26. Ra1 Rxa1
27. Rxa1 Rc2 $44 {1/2-1/2 Blomstrand,G-Thorn/Lynn,J/ICCF 1998/ICCF Telechess
CBM 98 (37)}) (14. Qb4 $5 Qb6 15. Bg3 Be4 (15... Bxf3 16. gxf3 e5 17. a4 $1 (
17. Rac1 $143 Rac8 18. dxe5 Nxe5 19. Be2 Qb7 20. Qxd6 Nc4 $132 {0-1 Sollars,
R-Durand,J/IECG 2003/Telechess CBM 105 (29)}) 17... Rab8 18. axb5 axb5 19. Ra5
Qc6 20. e4 $14 {1/2-1/2 Ballo,E-Traudes,W/Germany 1998/EXT 1999 (57)}) 16. Be2
Rfc8 17. Rfc1 d5 18. Rc3 Bxf3 19. gxf3 Rc6 20. Rac1 Rac8 21. Bd3 Rxc3 22. Rxc3
Rxc3 23. Qxc3 Qb7 24. b3 $14 Nb6 25. Qc7 Qxc7 26. Bxc7 Nfd7 27. Kf1 Kf8 28. Ke2
Ke7 29. Kd2 Na8 30. Bg3 f6 31. Kc3 e5 {1/2-1/2 Arlandi,E-Tukmakov,V/Geneve
2001/EXT 2002 (55)}) (14. Rac1 $5 Rc8 (14... Qb6 $5) 15. Qd2 (15. Qb4 $142)
15... Rxc1 16. Rxc1 Qa8 17. Bg3 Bxf3 18. gxf3 e5 19. Kg2 Re8 20. Bf5 Nb6 21. b3
e4 22. fxe4 g6 23. Bh3 Nxe4 $13 {1-0 Sanchez Botella,L-Damaso,R/Benidorm 2006/
CBM 115 ext (39)}) 14... Qb6 $1 (14... Rc8 15. Qb4 Qb6 $6 (15... Rxc1+ $5 16.
Rxc1 Qb8 {Golod}) 16. Bg3 Be4 17. Be2 Bxf3 18. gxf3 e5 19. dxe5 dxe5 20. a4
Rxc1+ 21. Rxc1 Rb8 22. axb5 axb5 23. Ra1 $1 $14 {1-0 Xu Jun-Wang Rui/Yongchuan
2003/CBM 097/[Golod,V] (38)}) 15. Bg3 (15. Qc7 Rfc8 16. Qxb6 Nxb6 17. Bg3 Ne4
18. Bxe4 Bxe4 19. Nd2 d5 20. b3 Rxc1+ 21. Rxc1 Rc8 22. Rc5 Bd3 23. f3 Rxc5 24.
dxc5 Nc8 25. e4 dxe4 26. fxe4 Na7 27. Kf2 Nc6 28. Ke3 Bc2 29. Bd6 f5 30. exf5
exf5 31. b4 Kf7 {1/2-1/2 Sundararajan,K-Tilak,S/Pune 2006/EXT 2007}) 15... Nh5
16. Qc7 Nxg3 17. Qxd7 Nh5 18. Qc7 Qxc7 19. Rxc7 {Black successfully localizes
this invasion.} Rab8 20. Rac1 Nf6 21. Nd2 Rfc8 (21... Nd5 22. Rd7 Rfd8 23.
Rxd8+ Rxd8 {was possible, too} 24. e4 $140 Nf4) 22. Nb3 Kf8 23. Na5 Ne8 24.
R7c3 Ke7 25. f3 Kd7 {The c-file is protected. White starts lengthy manoeuvrong
but it doesn't bring him any benefit.} 26. Kf2 Rc7 27. e4 Ba8 28. Ke3 Rbc8 29.
Rxc7+ Nxc7 30. Rg1 h5 31. h4 Rg8 32. g3 Rc8 33. Ra1 Rg8 34. b3 Rc8 35. Rb1 Rb8
36. Rc1 Rg8 37. Rc2 Rb8 38. Rh2 Rh8 39. Rh1 Ke7 40. a4 Rb8 41. axb5 Nxb5 42.
Ra1 Nc7 43. Ra2 Kd7 44. g4 Rh8 45. g5 g6 46. f4 Rb8 47. Rc2 d5 {...} 48. e5 (
48. f5 $6 dxe4 49. fxe6+ fxe6 50. Bxe4 Nd5+) 1/2-1/2